000 00462nam a2200193Ia 4500
005 20240823050354.0
008 240823s9999||||xx |||||||||||||| ||und||
020 _a81-87134-73-9
041 _aENGLISH
082 _A547 Q0
100 _aTewari N.
245 0 _aAdvanced Organic Stereochemistry
250 _a1st
260 _c2010
_bBooks and Allied (P
500 _aTRANSFERED
650 _astereochemistry
_bChemistry
942 _cBK
999 _c217101
_d217101